00366 a2200145 4500003000400000005001700004008004100021020001800062040000900080082001900089100002400108245004000132260003900172300000900211OSt20231229124340.0231229b |||||||| |||| 00| 0 eng d a9788181435880 coclc a891.433bJOS/K aJoshi, Manohar Syam aKAUN HUM MAIN /cManohar Syam Joshi aNew Delhi:bVani Prakashan,c2017. a463p